Statistiken für Nachbarländer der Demokratischen Republik Kongo

Klicken Sie hier um das Quiz zu spielen!

Allgemein

  • Dieses Quiz wurde 30 mal gespielt
  • Das Durchschnittsergebnis liegt bei 8 aus 9

Antwortstatistiken

Antwort% Korrekt
Republik Kongo
96%
Ruanda
88%
Uganda
88%
Zentralafrikanische Republik
88%
Angola
85%
Sambia
81%
Burundi
77%
Südsudan
73%
Tansania
73%

Verteilung der Resultate

Perzentil nach korrekt beantworteten Fragen

Anzahl Personen mit jedem Resultat

Ihre Resultats-Entwicklung

Sie haben dieses Quiz noch nicht gespielt